| 000 | 01364nam a2200301 a 4500 | ||
|---|---|---|---|
| 001 | BRCA_3392 | ||
| 005 | 20190320204247.0 | ||
| 041 | _aeng | ||
| 044 | _aenk | ||
| 084 |
_a681 _b.G74 _c1906 |
||
| 100 | 1 |
_aCervantes Saavedra, Miguel de _d1547-1616 _9213 |
|
| 245 | 1 | 0 |
_aThe History of the Ingenious Gentleman Don Quixote of La Mancha _cTranslated from the Spanish by P. A. Motteux. |
| 260 |
_aEdinburgo _bJohn Grant _c1906 |
||
| 300 |
_a4 v. _bil. _c27 cm. |
||
| 500 | _aContenido : v.1. Primera parte. Retrato de Cervantes. Advertencia del editor. Vida de Cervantes por Lockhart. Prólogo de Cervantes. -- v.2. Primera parte. Texto. Notas. -- v.3. Segunda parte. Prólogo de Cervantes. -- v.4. Segunda parte. Texto. Notas | ||
| 500 | _aReproducción de la traducción de Motteux, publicada en 1879-84, por William Paterson. Tela Lúdovik Osterc | ||
| 500 | _aCon ex-libris de : Julia W. Smith | ||
| 500 | _aQM1537 | ||
| 546 | _aTexto en : inglés | ||
| 650 | 1 | 4 |
_aNovela española _yÉpoca clásica, 1500-1700 _9215 |
| 650 | 1 | 4 |
_aLiteratura española _yÉpoca clásica, 1500-1700 _9216 |
| 650 | 1 | 4 |
_aNovela española _ySiglo XVII _9217 |
| 650 | 1 | 4 |
_aDon Quijote (Personaje ficticio) _eNovela _9218 |
| 700 | 1 |
_aMotteux, Peter Anthony _d1663-1718 _eTraductor _98915 |
|
| 740 | 0 | _aEl Ingenioso Hidalgo Don Quijote de la Mancha | |
| 902 | _aQFM | ||
| 942 |
_2lcc _cB |
||
| 999 |
_c3128 _d3128 |
||